|
|
|
|
| LEADER |
00000cam a2200000 7i4500 |
| 001 |
0000006484 |
| 005 |
20220105104022.0 |
| 008 |
070816 |
| 020 |
|
|
|a 0689872518
|
| 090 |
0 |
0 |
|a JP
|b ENG (4988)
|
| 100 |
1 |
|
|a Beinstein, Phoebe
|
| 245 |
1 |
0 |
|a Dora's bedtime wishes
|c Phoebe Beinstein
|
| 260 |
|
|
|a London :
|b Simon Spotlight ,
|c 2003
|
| 440 |
|
|
|a Dora the explorer
|
| 500 |
|
|
|a Children age 4-6 years old (yellow)
|
| 650 |
|
0 |
|a Junior preschool
|x English
|x Languages
|
| 999 |
|
|
|a 0000985120
|b Book
|c Children Collection
|e Perbadanan Perpustakaan Awam Johor
|
| 999 |
|
|
|a 0000985121
|b Book
|c Children Collection
|e Perbadanan Perpustakaan Awam Johor
|